Gila y su Gente /

সংরক্ষণ করুন:
গ্রন্থ-পঞ্জীর বিবরন
প্রধান লেখক: Gila (autor)
বিন্যাস: গ্রন্থ
ভাষা:স্প্যানিশ
প্রকাশিত: Buenos Aires, Argentina : Nueva Senda, 1972
মালা:(Humoresque)
বিষয়গুলি:
ট্যাগগুলো: ট্যাগ যুক্ত করুন
কোনো ট্যাগ নেই, প্রথমজন হিসাবে ট্যাগ করুন!

MARC

LEADER 00000nam^a2200000^a^4500
001 000022704
005 20250521000000.0
009 20260310084505.895
037 |a Acervo ITESO - Biblioteca 
041 |a ESP 
082 |a 741. 505  |b GIL 
100 |a Gila  |e (autor) 
245 1 0 |a Gila y su Gente /  |c Gila 
264 1 |a Buenos Aires, Argentina :  |b Nueva Senda,  |c 1972 
300 |a 1 v. (sin paginación) 
336 |a texto  |b txt  |2 rdacontenido 
337 |a sin mediación  |b n  |2 rdamedio 
338 |a volumen  |b nc  |2 rdasoporte 
440 1 |a (Humoresque) 
649 |a XX 
650 |a Medios de Comunicación 
650 |a Historietas y Caricaturas de Humor 
650 |a Historietas y Caricaturas Argentinas 
910 |a Fondo General 
920 |a Impresos - Libros 
930 |a Colección General 
905 |a 101 
901 |a 0227040100  |b IT1  |c ACC  |i 022704  |u 20250521 
902 |a https://opac.biblio.iteso.mx/vufind/Record/000022704